[Event "11th EUR-ch"]
[Site "Rijeka CRO"]
[Date "2010.03.17"]
[Round "11"]
[White "Gallagher, Joseph"]
[Black "Plat, Vojtech"]
[Result "1-0"]
[WhiteElo "2486"]
[BlackElo "2395"]
[EventDate "2010.03.06"]
[PlyCount "35"]

1.e4 c5 2.Nf3 Nc6 3.d4 cxd4 4.Nxd4 Nf6 5.Nc3 g6 6.Nxc6 bxc6 7.e5 Ng8 8.Bc4
Bg7 9.Qf3 e6 10.Bf4 f6 11.Ne4 fxe5 12.Nd6+ Kf8 13.Bxe5+ Bf6 14.Ne4 Kg7 15.
Nxf6 Nxf6 16.O-O-O d5 17.g4 h6 18.h4 1-0

[Event "11th EUR-ch"]
[Site "Rijeka CRO"]
[Date "2010.03.17"]
[Round "11"]
[White "Mrva, Martin"]
[Black "Kreisl, Robert"]
[Result "0-1"]
[WhiteElo "2485"]
[BlackElo "2389"]
[EventDate "2010.03.06"]
[PlyCount "114"]

1.e4 c6 2.Nf3 d5 3.Nc3 a6 4.d4 Bg4 5.Bg5 Nf6 6.h3 Bxf3 7.Qxf3 dxe4 8.Nxe4 
Nxe4 9.Qxe4 Qd5 10.Qh4 e6 11.Bd3 h6 12.Be3 Nd7 13.O-O Nf6 14.f4 Be7 15.f5 
O-O-O 16.fxe6 fxe6 17.Bg6 Rhf8 18.b3 Qd6 19.Qe1 Nd5 20.Rxf8 Rxf8 21.Bf2 
Bg5 22.c4 Rxf2 23.cxd5 Rf6 24.Bh5 Qxd5 25.Rd1 Be3+ 26.Qxe3 Qxh5 27.Rd2 Qf5
28.Re2 Qf1+ 29.Kh2 Qf4+ 30.Qxf4 Rxf4 31.Rxe6 Rxd4 32.Rg6 Rd7 33.Kg3 Kd8 
34.Kf4 Ke8 35.Ke5 Kf7 36.Rd6 Ke7 37.Re6+ Kf7 38.Rd6 Ke7 39.Re6+ Kf8 40.Rd6
Re7+ 41.Kd4 Re2 42.Kc5 Rxa2 43.Kb6 Rxg2 44.Rd3 h5 45.b4 h4 46.Rd4 g5 47.
Kxb7 Rg3 48.Kxa6 Rxh3 49.Kb6 Rc3 50.Rg4 Rg3 51.Rd4 h3 52.Rd1 h2 53.Rh1 Rh3
54.Kxc6 g4 55.b5 g3 56.b6 Rh6+ 57.Kc7 Rxb6 0-1

[Event "11th EUR-ch"]
[Site "Rijeka CRO"]
[Date "2010.03.17"]
[Round "11"]
[White "Ortega, Lexy"]
[Black "Sandalakis, Angelos"]
[Result "1/2-1/2"]
[WhiteElo "2479"]
[BlackElo "2319"]
[EventDate "2010.03.06"]
[PlyCount "82"]

1.d4 Nf6 2.Nf3 e6 3.c4 b6 4.g3 Bb7 5.Bg2 Be7 6.Nc3 O-O 7.Qc2 c5 8.d5 exd5 
9.Ng5 h6 10.Nxd5 Bxd5 11.Bxd5 Nc6 12.Bxc6 dxc6 13.Nf3 Qc8 14.O-O Qe6 15.b3
Ne4 16.Bb2 Bf6 17.Bxf6 Nxf6 18.Rad1 Rad8 19.Kg2 Rfe8 20.Rxd8 Rxd8 21.Rd1 
Rd6 22.Rxd6 Qxd6 23.Qd2 Qe7 24.Qd3 Kf8 25.h3 Ke8 26.e3 Ne4 27.Ng1 Qe6 28.
f3 Nd6 29.Ne2 g5 30.g4 b5 31.cxb5 cxb5 32.Nc3 a6 33.Nd5 Kf8 34.e4 Qe5 35.
Qc2 Qd4 36.a3 c4 37.b4 Qd3 38.Qf2 Ke8 39.Nc7+ Ke7 40.Nd5+ Ke6 41.Nc7+ Ke7 
1/2-1/2

[Event "11th EUR-ch"]
[Site "Rijeka CRO"]
[Date "2010.03.17"]
[Round "11"]
[White "Arkell, Keith"]
[Black "Bohnisch, Manfred"]
[Result "1-0"]
[WhiteElo "2474"]
[BlackElo "2316"]
[EventDate "2010.03.06"]
[PlyCount "81"]

1.d4 d5 2.c4 c6 3.Nf3 Nf6 4.Nc3 dxc4 5.a4 Bf5 6.Nh4 Bd7 7.e3 e6 8.Nf3 c5 
9.Bxc4 cxd4 10.exd4 Bc6 11.O-O Be7 12.Ne5 O-O 13.Re1 Bd5 14.Nxd5 Nxd5 15.
Qh5 Qa5 16.Re2 Nc6 17.Bd2 Ndb4 18.Bd3 g6 19.Qh6 Qc7 20.Re3 f5 21.Nxg6 Rf6 
22.Nxe7+ Qxe7 23.Rg3+ Kh8 24.Qh4 Rf7 25.Bg5 Qf8 26.Bc4 Re8 27.Re1 f4 28.
Rg4 Nxd4 29.Rxf4 Nf5 30.Qh3 Nd5 31.Rfe4 Qc5 32.b4 Qd6 33.Qh5 Kg8 34.Qd1 
Nc7 35.Bf4 Qxd1 36.Rxd1 Ng7 37.Be5 Na6 38.Rg4 h5 39.Rxg7+ Rxg7 40.Bxg7 
Kxg7 41.Rd7+ 1-0

[Event "11th EUR-ch"]
[Site "Rijeka CRO"]
[Date "2010.03.17"]
[Round "11"]
[White "Doric, Darko"]
[Black "Dimitrijevic, Darko"]
[Result "0-1"]
[WhiteElo "2464"]
[BlackElo "2272"]
[EventDate "2010.03.06"]
[PlyCount "48"]

1.d4 d5 2.c4 c6 3.Nc3 f5 4.cxd5 cxd5 5.Bf4 Nc6 6.e3 e6 7.Nf3 Nf6 8.Be2 Be7
9.O-O O-O 10.Rc1 Bd7 11.a3 Ne4 12.Na4 g5 13.Be5 g4 14.Ne1 Nxe5 15.dxe5 
Bxa4 16.Qxa4 Nd2 17.Nd3 Nxf1 18.Bxf1 Bg5 19.Nc5 Qe7 20.g3 Rfc8 21.b4 b6 
22.Nb3 Rxc1 23.Nxc1 d4 24.Qc6 Qe8 0-1

[Event "11th EUR-ch"]
[Site "Rijeka CRO"]
[Date "2010.03.17"]
[Round "11"]
[White "Baghdasarian, Vahe"]
[Black "Zufic, Miroslav"]
[Result "0-1"]
[WhiteElo "2284"]
[BlackElo "2445"]
[EventDate "2010.03.06"]
[PlyCount "106"]

1.e4 c5 2.Nf3 d6 3.d4 cxd4 4.Nxd4 Nf6 5.Nc3 a6 6.Bg5 e6 7.f4 Qc7 8.Bxf6 
gxf6 9.Be2 Nc6 10.Qd2 Bd7 11.Bh5 Rg8 12.O-O-O Rg7 13.Nb3 O-O-O 14.Rhe1 Kb8
15.Re3 Na5 16.Nxa5 Qxa5 17.g4 Be7 18.Rd3 Bc6 19.Kb1 Rd7 20.f5 Qe5 21.Nd5 
Bd8 22.Qh6 Rg5 23.Nc3 Qxh2 24.Qf8 Ka7 25.a3 Bb6 26.fxe6 fxe6 27.Be8 Rc7 
28.Bxc6 Rxc6 29.Qxf6 Rg6 30.Qe7 Qe5 31.Qxh7 Rxg4 32.Qe7 Rg7 33.Qf8 Rd7 34.
Qf3 Rc4 35.Rh1 Bd4 36.Rh5 Qg7 37.Ne2 Be5 38.Qe3+ Kb8 39.Rg5 Qh7 40.Qg1 
Qxe4 41.Rg8+ Rc8 42.Rxc8+ Kxc8 43.Qg8+ Kc7 44.Nc3 Qf5 45.Qa8 Qf1+ 46.Ka2 
Qf2 47.Qg8 Qf7 48.Qa8 Rd8 49.Qa7 Qf4 50.Kb1 Qc4 51.Rf3 Rd7 52.Qa8 Rh7 53.
Rd3 Bxc3 0-1

[Event "11th EUR-ch"]
[Site "Rijeka CRO"]
[Date "2010.03.17"]
[Round "11"]
[White "Sahitaj, Naim"]
[Black "Papin, Vasily"]
[Result "0-1"]
[WhiteElo "1562"]
[BlackElo "2532"]
[EventDate "2010.03.06"]
[PlyCount "128"]

1.d4 Nf6 2.c4 e6 3.Nc3 Bb4 4.Nf3 c5 5.Qc2 d5 6.e3 cxd4 7.exd4 Nc6 8.a3 Be7
9.c5 O-O 10.Bd3 Qc7 11.Bg5 h6 12.Bh4 Nh5 13.Bxe7 Qxe7 14.O-O Qf6 15.Rad1 
Nf4 16.Bb5 Ne7 17.Bd3 Nc6 18.Rfe1 Nh3+ 19.Kf1 Ng5 20.Nxg5 hxg5 21.Ne2 g6 
22.Bb5 Ne7 23.Ng3 g4 24.Kg1 Qh4 25.Qe2 f5 26.f4 g5 27.Qe3 gxf4 28.Qxf4 Ng6
29.Qf2 f4 30.Nf1 g3 31.Qf3 Rf5 32.Bd3 gxh2+ 33.Kh1 Rg5 34.Bxg6 Rxg6 35.Re5
Rh6 36.g3 fxg3 37.Nxg3 Rf6 38.Qe3 Rg6 39.Nh5 Bd7 40.Nf4 Rg3 41.Ng2 Rxe3 
42.Nxh4 Rxe5 43.dxe5 Rf8 44.Rd2 Rf4 45.Rg2+ Kf7 46.Ng6 Rc4 47.Nh8+ Ke7 48.
Rg7+ Kd8 49.Nf7+ Kc7 50.Ng5 Kc6 51.b4 Rg4 52.Kxh2 a5 53.Kh3 Rg1 54.Kh4 
axb4 55.axb4 Rb1 56.Nf7 Rh1+ 57.Kg5 Rg1+ 58.Kf6 Rxg7 59.Kxg7 d4 60.Ng5 d3 
61.Nf3 Kb5 62.Kf6 Kxb4 63.Ke7 Bc6 64.Nd2 Bd5 0-1

[Event "11th EUR-ch"]
[Site "Rijeka CRO"]
[Date "2010.03.17"]
[Round "11"]
[White "Banikas, Hristos"]
[Black "Szamoskozi, Gabor"]
[Result "1-0"]
[WhiteElo "2617"]
[BlackElo "2347"]
[EventDate "2010.03.06"]
[PlyCount "57"]

1.Nf3 c5 2.c4 Nc6 3.d4 cxd4 4.Nxd4 Nf6 5.Nc3 e6 6.a3 Be7 7.g3 O-O 8.Bg2 a6
9.O-O Qc7 10.b3 d6 11.Bb2 Bd7 12.Rc1 Rac8 13.e4 Qb8 14.Re1 Rfd8 15.Bf1 b5 
16.Nxc6 Bxc6 17.Nd5 Qb7 18.Nxf6+ Bxf6 19.Bxf6 gxf6 20.Qg4+ Kh8 21.Qh4 Kg7 
22.c5 dxc5 23.Rxc5 e5 24.f4 Qd7 25.Rc2 Qa7+ 26.Rf2 exf4 27.e5 fxg3 28.hxg3
Bd5 29.Qxf6+ 1-0

[Event "11th EUR-ch"]
[Site "Rijeka CRO"]
[Date "2010.03.17"]
[Round "11"]
[White "Gasanov, Eldar"]
[Black "Hoffmann, Paul"]
[Result "0-1"]
[WhiteElo "2514"]
[BlackElo "2361"]
[EventDate "2010.03.06"]
[PlyCount "61"]

1.d4 Nf6 2.c4 e6 3.g3 Bb4+ 4.Bd2 Qe7 5.Bg2 Nc6 6.e3 Bxd2+ 7.Qxd2 e5 8.d5 
Nb8 9.Nc3 d6 10.Nge2 h5 11.h3 Nbd7 12.O-O-O a5 13.Qc2 Nc5 14.g4 h4 15.f4 
Bd7 16.Rhe1 O-O-O 17.Nd4 Rde8 18.Re2 Nh7 19.g5 g6 20.Rf1 Qd8 21.Nb3 Nxb3+ 
22.Qxb3 b6 23.Rfe1 f6 24.gxf6 Nxf6 25.Qa3 exf4 26.exf4 Nh5 27.f5 Nf4 28.
Rxe8 Rxe8 29.Be4 Nd3+ 30.Bxd3 Rxe1+ 31.Kd2 0-1

[Event "11th EUR-ch"]
[Site "Rijeka CRO"]
[Date "2010.03.17"]
[Round "11"]
[White "Bentivegna, Francesco"]
[Black "Berczes, David"]
[Result "0-1"]
[WhiteElo "2361"]
[BlackElo "2510"]
[EventDate "2010.03.06"]
[PlyCount "86"]

1.e4 c5 2.Nc3 Nc6 3.f4 g6 4.Nf3 Bg7 5.a3 d6 6.Bb5 Bd7 7.d3 Nd4 8.Bxd7+ 
Qxd7 9.O-O e6 10.Bd2 Ne7 11.Nxd4 cxd4 12.Ne2 f5 13.Ng3 O-O 14.Qe2 Rac8 15.
Rac1 Rc7 16.c4 dxc3 17.Bxc3 Rfc8 18.Rce1 Kf7 19.exf5 exf5 20.Bxg7 Kxg7 21.
Qe3 Qa4 22.Ne2 Nd5 23.Qd4+ Qxd4+ 24.Nxd4 Kf7 25.Nb5 Rd7 26.g3 Rc5 27.Nd4 
h6 28.Re2 Nc7 29.Nf3 Re7 30.Rfe1 Rxe2 31.Rxe2 Ne6 32.h4 Ng7 33.Kf2 Nh5 34.
Ne1 Rb5 35.Rc2 Rb3 36.Nf3 Kf6 37.d4 Ke6 38.Re2+ Kd5 39.Rc2 Nf6 40.Kg2 Ng4 
41.Re2 Ne3+ 42.Kh3 h5 43.Ne1 Nd1 0-1

[Event "11th EUR-ch"]
[Site "Rijeka CRO"]
[Date "2010.03.17"]
[Round "11"]
[White "Erdogdu, Mert"]
[Black "Raznikov, Danny"]
[Result "1-0"]
[WhiteElo "2502"]
[BlackElo "2331"]
[EventDate "2010.03.06"]
[PlyCount "101"]

1.e4 c5 2.Nf3 d6 3.d4 cxd4 4.Nxd4 Nf6 5.Nc3 a6 6.g3 e5 7.Nb3 Be7 8.Bg2 O-O
9.O-O b5 10.Bd2 Nbd7 11.a4 b4 12.Nd5 Nxd5 13.exd5 a5 14.c3 bxc3 15.Bxc3 
Qb6 16.Ra3 Nc5 17.Nxa5 Rxa5 18.b4 Ra8 19.a5 Qb5 20.bxc5 Qxc5 21.Qa1 Ba6 
22.Rc1 Qa7 23.Bd2 Rfb8 24.Rac3 Bd8 25.Rc6 Bb5 26.R6c2 Bb6 27.Be1 Bd3 28.
Qc3 Bxc2 29.axb6 Qb7 30.Qxc2 Rc8 31.Qb2 Rxc1 32.Qxc1 Qxb6 33.Qc6 Rb8 34.
Bf1 Qd8 35.Bd2 Rc8 36.Qb5 Rb8 37.Qa6 Ra8 38.Qd3 Qb8 39.Qc4 Qd8 40.Bb4 Rb8 
41.Qc3 h6 42.h4 Qb6 43.Ba3 Ra8 44.Bc1 Qd8 45.Be3 Rc8 46.Qd3 Qe7 47.Qf5 Ra8
48.h5 Re8 49.Bb5 Rd8 50.Bd3 Kf8 51.Bb6 1-0

[Event "11th EUR-ch"]
[Site "Rijeka CRO"]
[Date "2010.03.17"]
[Round "11"]
[White "Valsecchi, Alessio"]
[Black "Nabaty, Tamir"]
[Result "1-0"]
[WhiteElo "2360"]
[BlackElo "2485"]
[EventDate "2010.03.06"]
[PlyCount "57"]

1.d4 d5 2.Nf3 c5 3.dxc5 Nf6 4.g3 e6 5.c4 Bxc5 6.cxd5 Qb6 7.e3 O-O 8.Bg2 
Rd8 9.O-O Nxd5 10.Nbd2 Bxe3 11.fxe3 Nxe3 12.Qb3 Qxb3 13.Nxb3 Nxf1 14.Kxf1 
Nc6 15.Be3 b6 16.Nfd4 Nxd4 17.Nxd4 Ba6+ 18.Kf2 Rac8 19.b4 Rc4 20.b5 Bc8 
21.Nc6 Rd3 22.Re1 Bb7 23.Bf4 Rc2+ 24.Kg1 Rxa2 25.Be4 Rd7 26.Ne5 Bxe4 27.
Nxd7 Bd3 28.Rd1 Bxb5 29.Nf6+ 1-0

[Event "11th EUR-ch"]
[Site "Rijeka CRO"]
[Date "2010.03.17"]
[Round "11"]
[White "Shytaj, Luca"]
[Black "Sarbok, Torsten"]
[Result "1-0"]
[WhiteElo "2472"]
[BlackElo "2319"]
[EventDate "2010.03.06"]
[PlyCount "159"]

1.e4 c6 2.d4 d5 3.Nc3 dxe4 4.Nxe4 Bf5 5.Ng3 Bg6 6.h4 h6 7.Nf3 Nd7 8.h5 Bh7
9.Bd3 Bxd3 10.Qxd3 e6 11.Bd2 Ngf6 12.O-O-O Bd6 13.Ne4 Nxe4 14.Qxe4 Nf6 15.
Qe2 Qc7 16.Kb1 O-O-O 17.g3 Kb8 18.c4 Qe7 19.Ne5 Ka8 20.Bc3 Rhe8 21.f4 Nd7 
22.Rd3 Nb8 23.Rhd1 Na6 24.a3 Qc7 25.Qd2 f6 26.Ng6 Qf7 27.Qe2 Nc7 28.Re3 b6
29.Re1 Qd7 30.Qf3 Kb8 31.g4 c5 32.Rd3 Qa4 33.Red1 Kc8 34.dxc5 Bxc5 35.b4 
Rxd3 36.Rxd3 Be7 37.Bb2 a5 38.bxa5 bxa5 39.Rb3 Bd6 40.Qb7+ Kd7 41.c5 Bxc5 
42.Ne5+ fxe5 43.Rd3+ Bd6 44.fxe5 Qc4 45.Rxd6+ Ke7 46.Rc6 Qe4+ 47.Ka1 Qxg4 
48.Rxc7+ Kf8 49.Qh1 Kg8 50.Rc1 Rf8 51.Rg1 Qc4 52.Qg2 Rf7 53.Rc1 Qd3 54.Qg6
Qd7 55.Qg4 Rf5 56.Rd1 Qe8 57.Qg6 Qc8 58.Qg4 Qe8 59.Rd6 Qc8 60.Ka2 Kh8 61.
Qd4 Kh7 62.Qd3 a4 63.Ra6 Qe8 64.Qc4 Qxh5 65.Qxe6 Rf4 66.Ra8 Qf3 67.Rb8 h5 
68.Qg8+ Kg6 69.Rb6+ Kf5 70.Qf7+ Kg4 71.Qxg7+ Kh3 72.Qd7+ Kh2 73.Qd2+ Kh1 
74.Bc3 Rg4 75.Rb1+ Rg1 76.Rxg1+ Kxg1 77.Bd4+ Kf1 78.Qc1+ Kg2 79.Qg1+ Kh3 
80.Qe3 1-0

[Event "11th EUR-ch"]
[Site "Rijeka CRO"]
[Date "2010.03.17"]
[Round "11"]
[White "Pavlidis, Anastasios"]
[Black "Rasulov, Vugar Ural Oglu"]
[Result "1-0"]
[WhiteElo "2338"]
[BlackElo "2457"]
[EventDate "2010.03.06"]
[PlyCount "69"]

1.e4 c5 2.Nf3 e6 3.d4 cxd4 4.Nxd4 Nc6 5.Nc3 a6 6.Be2 Nf6 7.O-O Qc7 8.Be3 
b5 9.Nxc6 dxc6 10.f4 Bb7 11.e5 Rd8 12.Qe1 Nd7 13.Ne4 c5 14.Bf3 Bd5 15.Qg3 
g6 16.Rad1 Qc6 17.f5 Bxe4 18.fxe6 Bxf3 19.exf7+ Kxf7 20.Rxf3+ Kg8 21.Qh3 
Nxe5 22.Rxd8 Nxf3+ 23.gxf3 h5 24.Rc8 Qd5 25.Bxc5 Kh7 26.Rc7+ Bg7 27.Qd7 
Qg5+ 28.Kf2 Rg8 29.Bf8 Qh4+ 30.Kf1 Qf6 31.Bxg7 Qxf3+ 32.Ke1 Qe3+ 33.Kd1 
Qg1+ 34.Kd2 Qxh2+ 35.Kc3 1-0

[Event "11th EUR-ch"]
[Site "Rijeka CRO"]
[Date "2010.03.17"]
[Round "11"]
[White "Fucak, Emilijo"]
[Black "Tosic, Miroslav"]
[Result "1/2-1/2"]
[WhiteElo "2280"]
[BlackElo "2439"]
[EventDate "2010.03.06"]
[PlyCount "62"]

1.e4 c5 2.Nf3 e6 3.c3 Nf6 4.e5 Nd5 5.d4 cxd4 6.cxd4 d6 7.a3 Bd7 8.Bd3 Bc6 
9.O-O Nd7 10.Re1 dxe5 11.dxe5 Nc5 12.Bc2 a5 13.Nd4 Bd7 14.Nd2 Be7 15.Ne4 
Qc7 16.Bd2 Nxe4 17.Rxe4 O-O 18.Qe2 Qb6 19.Rb1 Rac8 20.Bd3 Rfd8 21.Qe1 Rc5 
22.h3 Be8 23.Nf3 Rdc8 24.Rd4 g6 25.h4 Qa7 26.h5 Bb5 27.Be4 Rc4 28.Rxc4 
Rxc4 29.b3 Rc8 30.a4 Bc6 31.hxg6 hxg6 1/2-1/2

[Event "11th EUR-ch"]
[Site "Rijeka CRO"]
[Date "2010.03.17"]
[Round "11"]
[White "Smirnov, Artem"]
[Black "Kunze, Carlo"]
[Result "0-1"]
[WhiteElo "2435"]
[BlackElo "2306"]
[EventDate "2010.03.06"]
[PlyCount "104"]

1.d4 d5 2.Nf3 Nf6 3.c4 c6 4.Nc3 a6 5.a4 e6 6.g3 Nbd7 7.Bg2 Be7 8.a5 O-O 9.
O-O Ne4 10.cxd5 exd5 11.Qb3 Nd6 12.Rd1 Nf6 13.Ne5 Bf5 14.Bf4 Re8 15.Na4 
Bf8 16.Nc5 Qe7 17.f3 h6 18.Re1 Nb5 19.Be3 Qc7 20.Rec1 Bd6 21.f4 Ng4 22.
Nxg4 Bxg4 23.Bf3 Bxf3 24.exf3 Re7 25.Re1 Rae8 26.Qd3 Bxc5 27.dxc5 d4 28.
Bd2 Rxe1+ 29.Rxe1 Rxe1+ 30.Bxe1 Qe7 31.Bb4 Qe6 32.Bd2 Qa2 33.b4 Qa1+ 34.
Kg2 Qb2 35.Kh3 Nc7 36.Be1 Nd5 37.Qe4 Nf6 38.Qd3 Qc1 39.Qd2 Qb1 40.Kg2 Nd5 
41.Bf2 d3 42.Qe1 Qxe1 43.Bxe1 Ne3+ 44.Kf2 Nc4 45.Bc3 f5 46.g4 g6 47.h3 Kf7
48.Bd4 Ke6 49.Bg7 h5 50.Bc3 Kd5 51.gxh5 gxh5 52.Kg3 d2 0-1

[Event "11th EUR-ch"]
[Site "Rijeka CRO"]
[Date "2010.03.17"]
[Round "11"]
[White "Wittmann, Walter"]
[Black "Boskovic, Drasko"]
[Result "0-1"]
[WhiteElo "2302"]
[BlackElo "2434"]
[EventDate "2010.03.06"]
[PlyCount "78"]

1.e4 c5 2.Nf3 Nc6 3.d4 cxd4 4.Nxd4 Qc7 5.Nc3 e6 6.f4 a6 7.Nxc6 Qxc6 8.Bd3 
b5 9.Qe2 Bb7 10.Bd2 Bc5 11.a4 bxa4 12.Nxa4 Ba7 13.Be3 Bxe3 14.Qxe3 Nf6 15.
Nb6 Rb8 16.Nc4 O-O 17.Na5 Qc7 18.Nxb7 Rxb7 19.Rxa6 Rxb2 20.O-O Qc3 21.Qe2 
Qc5+ 22.Qf2 Qb4 23.Qe2 Qb7 24.e5 Nd5 25.Qe4 g6 26.Rd6 Rb8 27.h3 Rb1 28.Kh2
Rxf1 29.Bxf1 Qa7 30.Bc4 Rb1 31.Bxd5 Qg1+ 32.Kg3 Re1 33.h4 Rxe4 34.Bxe4 
Qe1+ 35.Kf3 Qxh4 36.Rxd7 h5 37.Rd2 g5 38.fxg5 Qg4+ 39.Ke3 Qxg5+ 0-1

[Event "11th EUR-ch"]
[Site "Rijeka CRO"]
[Date "2010.03.17"]
[Round "11"]
[White "Azaladze, Shota"]
[Black "Zelic, Mladen"]
[Result "0-1"]
[WhiteElo "2433"]
[BlackElo "2306"]
[EventDate "2010.03.06"]
[PlyCount "53"]

1.Nf3 f5 2.c4 Nf6 3.Nc3 d6 4.d3 e5 5.Bg5 Be7 6.g3 Nc6 7.Bg2 O-O 8.O-O Be6 
9.Bxf6 Bxf6 10.Nd2 Qd7 11.Rb1 Rae8 12.Nd5 Bd8 13.b4 f4 14.e3 Bg4 15.f3 Bh3
16.b5 Ne7 17.Nxe7+ Rxe7 18.Ne4 c6 19.bxc6 bxc6 20.d4 fxe3 21.Bxh3 Qxh3 22.
d5 Bb6 23.Rxb6 axb6 24.dxc6 h6 25.Re1 Kh8 26.Rxe3 Ra7 27.Nxd6 0-1

[Event "11th EUR-ch"]
[Site "Rijeka CRO"]
[Date "2010.03.17"]
[Round "11"]
[White "Cioara, Andrei-Nestor"]
[Black "Bakalarz, Mieczyslaw"]
[Result "1/2-1/2"]
[WhiteElo "2430"]
[BlackElo "2300"]
[EventDate "2010.03.06"]
[PlyCount "22"]

1.d4 d5 2.Nf3 Bf5 3.g3 e6 4.Bg2 c6 5.O-O Bd6 6.b3 Nf6 7.Bb2 h6 8.Nbd2 Ne4 
9.c4 Nd7 10.Nxe4 Bxe4 11.Nd2 Bxg2 1/2-1/2

[Event "11th EUR-ch"]
[Site "Rijeka CRO"]
[Date "2010.03.17"]
[Round "11"]
[White "Bodiroga, Predrag"]
[Black "Katzir, Moshe"]
[Result "1-0"]
[WhiteElo "2422"]
[BlackElo "2288"]
[EventDate "2010.03.06"]
[PlyCount "51"]

1.d4 d5 2.Bf4 e6 3.e3 c5 4.c3 Nc6 5.Nf3 Nf6 6.Nbd2 Bd6 7.Bg3 O-O 8.Bd3 b6 
9.Ne5 Bxe5 10.dxe5 Nd7 11.f4 f5 12.exf6 Nxf6 13.O-O Ne7 14.e4 dxe4 15.Nxe4
Nf5 16.Qe2 Nd5 17.Ng5 Qf6 18.Rae1 h6 19.Bxf5 Qxf5 20.Ne4 Nc7 21.Nd6 Qd5 
22.Rd1 Ba6 23.c4 Rad8 24.Rxd5 exd5 25.Qe7 Na8 26.Nf5 1-0

[Event "11th EUR-ch"]
[Site "Rijeka CRO"]
[Date "2010.03.17"]
[Round "11"]
[White "Piscopo, Pierluigi"]
[Black "Pesotskyi, Vitaly"]
[Result "1-0"]
[WhiteElo "2418"]
[BlackElo "2282"]
[EventDate "2010.03.06"]
[PlyCount "45"]

1.e4 Nf6 2.e5 Nd5 3.d4 d6 4.c4 Nb6 5.f4 g6 6.Nc3 Bg7 7.Be3 O-O 8.c5 N6d7 
9.h4 Re8 10.h5 Bf8 11.hxg6 fxg6 12.Qb3+ e6 13.Nf3 d5 14.Bd3 Nc6 15.O-O-O 
Ne7 16.g4 c6 17.Qc2 b6 18.cxb6 axb6 19.Ng5 Ba6 20.Bxa6 Rxa6 21.Qh2 h6 22.
Nf3 Ra7 23.Rdg1 1-0

[Event "11th EUR-ch"]
[Site "Rijeka CRO"]
[Date "2010.03.17"]
[Round "11"]
[White "Barle, Janez"]
[Black "Cucancic, Sinisa"]
[Result "0-1"]
[WhiteElo "2415"]
[BlackElo "2271"]
[EventDate "2010.03.06"]
[PlyCount "122"]

1.e4 c5 2.Ne2 e6 3.Nbc3 a6 4.g3 Nc6 5.Bg2 h5 6.h4 Nf6 7.d4 cxd4 8.Nxd4 Qb6
9.Nb3 Ng4 10.O-O Be7 11.Qe2 d6 12.a4 Bd7 13.a5 Qc7 14.f3 Nf6 15.f4 Ng4 16.
Bf3 Bf6 17.Bxg4 Nd4 18.Qd3 Nxb3 19.cxb3 hxg4 20.Be3 Bc6 21.Bb6 Qe7 22.Rf2 
g6 23.Re1 Bxc3 24.bxc3 O-O 25.Qe2 d5 26.Qxg4 dxe4 27.h5 Qf6 28.hxg6 Qxg6 
29.Qxg6+ fxg6 30.Bd4 Rf5 31.Rh2 Rh5 32.Ree2 Rf8 33.Rxh5 gxh5 34.Rh2 Rf5 
35.b4 Bd5 36.Kf2 Kf7 37.Ke3 Kg6 38.Be5 Rf7 39.Rc2 Rf8 40.c4 Rc8 41.Kd4 Kf5
42.Rc3 Bc6 43.Rb3 Rd8+ 44.Ke3 Ba4 45.Ra3 Bc6 46.Ke2 Kg4 47.Rb3 Ba4 48.Rb2 
Rc8 49.c5 Kxg3 50.Ke3 Bc6 51.Bd6 Kg4 52.Rg2+ Kh3 53.Rg6 h4 54.Rxe6 Rg8 55.
f5 Rg1 56.Rh6 Rf1 57.f6 Rf3+ 58.Kd2 Bb5 59.Be7 e3+ 60.Kc2 Rf2+ 61.Kb3 e2 
0-1

[Event "11th EUR-ch"]
[Site "Rijeka CRO"]
[Date "2010.03.17"]
[Round "11"]
[White "Petre, Nad-Titus"]
[Black "Tate, Alan"]
[Result "1/2-1/2"]
[WhiteElo "2410"]
[BlackElo "2215"]
[EventDate "2010.03.06"]
[PlyCount "195"]

1.c4 g6 2.Nc3 Bg7 3.g3 Nf6 4.Bg2 O-O 5.e4 c5 6.Nge2 Nc6 7.d3 d6 8.O-O Ne8 
9.a3 Nc7 10.Rb1 Ne6 11.b4 Rb8 12.Be3 Bd7 13.Nd5 Ned4 14.bxc5 dxc5 15.Bf4 
Nxe2+ 16.Qxe2 e5 17.Be3 b6 18.h4 Be6 19.h5 Qd7 20.Kh2 Rbe8 21.Rh1 f5 22.h6
Bh8 23.exf5 Bxf5 24.Be4 Bf6 25.Kg2 Ne7 26.f3 Nxd5 27.cxd5 Qd8 28.Qd2 Qd6 
29.Qc2 Rf7 30.Rb2 Bd8 31.Qc4 Bc8 32.Qb5 Bd7 33.Qa6 Ref8 34.Rc1 Bc7 35.Rf2 
Bb8 36.Rcf1 Qe7 37.Kh2 Bc8 38.Qc4 Bd6 39.Qc1 Qd7 40.Kg1 Ba6 41.Kg2 Bc8 42.
Rh1 Qa4 43.Qc3 Rc7 44.Rh4 Qe8 45.Qb3 Bd7 46.f4 Ba4 47.Qa2 Rcf7 48.fxe5 
Qxe5 49.Rff4 Bd7 50.Qd2 Bf5 51.Qe1 Qb2+ 52.Rf2 Qe5 53.Rhf4 Qe7 54.Bxf5 
gxf5 55.R4f3 Qe5 56.Qc1 Qxd5 57.Qc4 Qc6 58.a4 Be5 59.d4 Qe4 60.Qxf7+ Rxf7 
61.dxe5 Qxe5 62.Rd2 Qe4 63.Rd8+ Rf8 64.Rd7 Rf7 65.Rd8+ Rf8 66.Rd7 Rf6 67.
Rg7+ Kf8 68.Bg5 Rg6 69.Be7+ Qxe7 70.Rxf5+ Rf6 71.Rxe7 Kxe7 72.Rg5 Rxh6 73.
Rg7+ Kd6 74.Rxa7 Kd5 75.Kf3 c4 76.Ke3 Rg6 77.Rxh7 Rxg3+ 78.Kd2 Ra3 79.Ra7 
Kd4 80.Rd7+ Kc5 81.Rc7+ Kd5 82.Rd7+ Kc6 83.Ra7 Kd6 84.Rb7 Rb3 85.Kc2 Kc6 
86.Rb8 Ra3 87.Rc8+ Kd5 88.Rd8+ Kc5 89.Rc8+ Kb4 90.Rc6 Rc3+ 91.Kd2 Rb3 92.
Rxb6+ Kxa4 93.Ra6+ Kb4 94.Kc2 Rh3 95.Rb6+ Kc5 96.Rb8 Rh2+ 97.Kc3 Rh3+ 98.
Kc2 1/2-1/2

[Event "11th EUR-ch"]
[Site "Rijeka CRO"]
[Date "2010.03.17"]
[Round "11"]
[White "Kargin, Arseny"]
[Black "Bach, Adrian-Kalman"]
[Result "0-1"]
[WhiteElo "2400"]
[BlackElo "2251"]
[EventDate "2010.03.06"]
[PlyCount "118"]

1.e4 c5 2.Nf3 d6 3.d4 cxd4 4.Nxd4 Nf6 5.Nc3 a6 6.Be3 e5 7.Nb3 Be6 8.f4 
exf4 9.Bxf4 Nc6 10.Qe2 Ne5 11.h3 Rc8 12.O-O-O Nfd7 13.Nd5 g6 14.Qe3 Bxd5 
15.exd5 h5 16.Be2 Qc7 17.c3 Bg7 18.Nd4 Qc5 19.Rhe1 Nb6 20.Qg3 h4 21.Qh2 
O-O 22.Nb3 Qf2 23.g4 hxg3 24.Qxg3 Qxg3 25.Bxg3 Rfe8 26.Bf4 Bf6 27.Kb1 Rc7 
28.Na5 Rce7 29.Bf1 Bh4 30.Re4 f5 31.Rb4 Bf2 32.Bxe5 Rxe5 33.Nxb7 R8e7 34.
Bxa6 Re1 35.Rxe1 Rxe1+ 36.Kc2 Kg7 37.Rf4 Bg3 38.Rf3 Rg1 39.Rd3 g5 40.c4 
Bf4 41.Nd8 Rg2+ 42.Kd1 Nd7 43.Ne6+ Kf6 44.c5 dxc5 45.Bb5 Ne5 46.Nxf4 gxf4 
47.Rd2 Rg1+ 48.Kc2 Nf3 49.Rf2 Nd4+ 50.Kd3 Nxb5 51.Rxf4 Ke5 52.Rh4 Nd6 53.
b4 Rg3+ 54.Kc2 c4 55.a4 Ne4 56.b5 Ra3 57.Rh6 Rxa4 58.h4 Rb4 59.b6 Nd6 0-1

[Event "11th EUR-ch"]
[Site "Rijeka CRO"]
[Date "2010.03.17"]
[Round "11"]
[White "Veleski, Robert"]
[Black "Firat, Burak"]
[Result "1-0"]
[WhiteElo "2278"]
[BlackElo "2398"]
[EventDate "2010.03.06"]
[PlyCount "65"]

1.d4 d5 2.c4 e6 3.Nc3 c6 4.cxd5 exd5 5.Nf3 Be7 6.Bf4 Nf6 7.e3 O-O 8.Bd3 
Re8 9.Qc2 Nbd7 10.Ne5 Nf8 11.h3 Ne6 12.g4 Nxf4 13.exf4 Ne4 14.O-O-O Be6 
15.f3 Nxc3 16.Bxh7+ Kh8 17.bxc3 Ba3+ 18.Kd2 f6 19.Qg6 fxe5 20.Qh5 exd4 21.
Rhe1 dxc3+ 22.Kd3 Qa5 23.Bf5+ Kg8 24.Rxe6 Qb5+ 25.Ke3 Bc5+ 26.Rd4 Bxd4+ 
27.Kxd4 c5+ 28.Ke3 Qd7 29.Re5 Rxe5+ 30.fxe5 Qe8 31.Qh7+ Kf8 32.Qh8+ Kf7 
33.Bg6+ 1-0

[Event "11th EUR-ch"]
[Site "Rijeka CRO"]
[Date "2010.03.17"]
[Round "11"]
[White "Golubovic, Boris"]
[Black "Bozinovic, Boban"]
[Result "1-0"]
[WhiteElo "2392"]
[BlackElo "2086"]
[EventDate "2010.03.06"]
[PlyCount "71"]

1.c4 c5 2.Nc3 Nc6 3.Nf3 Nf6 4.e3 d6 5.d4 Bg4 6.Be2 cxd4 7.exd4 g6 8.d5 
Bxf3 9.Bxf3 Ne5 10.Be2 Bg7 11.O-O O-O 12.b3 Rc8 13.Bd2 a6 14.a4 a5 15.Re1 
Ned7 16.Bf1 Nc5 17.Rb1 Re8 18.Qc2 Nfd7 19.h3 Qb6 20.Nb5 f5 21.Be3 Qd8 22.
Rbd1 Ra8 23.g3 Rc8 24.Bg2 Nf8 25.Re2 Bf6 26.Bh6 Qb6 27.Rde1 Kf7 28.Kh2 
Nfd7 29.Be3 Nf8 30.g4 fxg4 31.hxg4 Qd8 32.g5 Bg7 33.Bh3 Ra8 34.Bf4 Kg8 35.
Nxd6 Qc7 36.Bg3 1-0

[Event "11th EUR-ch"]
[Site "Rijeka CRO"]
[Date "2010.03.17"]
[Round "11"]
[White "Djurovic, Goran"]
[Black "Dragomirescu, Robin-Alexandru"]
[Result "1/2-1/2"]
[WhiteElo "2276"]
[BlackElo "2372"]
[EventDate "2010.03.06"]
[PlyCount "91"]

1.e4 e5 2.Nf3 Nc6 3.Bb5 Nf6 4.O-O Nxe4 5.d4 Nd6 6.Bxc6 dxc6 7.dxe5 Nf5 8.
Qxd8+ Kxd8 9.Nc3 Ne7 10.h3 h6 11.Rd1+ Ke8 12.Bf4 Ng6 13.Bh2 Bb4 14.Nd4 
Bxc3 15.bxc3 Nf8 16.g4 h5 17.f3 hxg4 18.hxg4 c5 19.Ne2 b6 20.Bg3 Bb7 21.
Kf2 g5 22.f4 gxf4 23.Nxf4 Rg8 24.Nh5 Nh7 25.Nf6+ Nxf6 26.exf6 Rxg4 27.Rd3 
Be4 28.Re1 Rd8 29.Bxc7 Rxd3 30.cxd3 Kd7 31.Bg3 Bxd3 32.Re7+ Kc6 33.Rxf7 
Bc4 34.Rc7+ Kb5 35.Rxa7 Rg5 36.a4+ Kc6 37.Rc7+ Kd5 38.Rd7+ Ke4 39.Re7+ Kd3
40.Re3+ Kc2 41.Rf3 Kb3 42.f7 Bxf7 43.Rxf7 Kxa4 44.Rf3 Kb3 45.Ke2 b5 46.Be1
1/2-1/2

[Event "11th EUR-ch"]
[Site "Rijeka CRO"]
[Date "2010.03.17"]
[Round "11"]
[White "Maevsky, Nikolay"]
[Black "Lanzani, Mario"]
[Result "1-0"]
[WhiteElo "2275"]
[BlackElo "2371"]
[EventDate "2010.03.06"]
[PlyCount "77"]

1.d4 d5 2.c4 e6 3.Nc3 c6 4.e3 Nf6 5.Nf3 a6 6.b3 c5 7.cxd5 exd5 8.Bb2 Nc6 
9.Be2 cxd4 10.Nxd4 Bd6 11.O-O O-O 12.Nxc6 bxc6 13.Rc1 Bd7 14.Bf3 Re8 15.
Re1 a5 16.e4 Bf4 17.Rc2 dxe4 18.Nxe4 Nd5 19.g3 Be5 20.Bxe5 Rxe5 21.Qd4 Qc7
22.Rce2 h6 23.Nc5 Rxe2 24.Rxe2 Qd6 25.Nxd7 Qxd7 26.Kg2 Qd6 27.Qe5 Qc5 28.
Re4 Qc3 29.Rd4 Qc2 30.Rg4 g6 31.Rc4 Qxa2 32.Rxc6 Nb4 33.Rxg6+ fxg6 34.Qe6+
Kg7 35.Bxa8 Qb2 36.Be4 Qf6 37.Qd7+ Kh8 38.Qc8+ Kg7 39.Qc7+ 1-0